[Event "2. Arberseniorencup 2014"]
[Site "Bayerisch Eisenstein"]
[Date "2014.08.18"]
[Round "3.1"]
[White "Zerweck, Christoph"]
[Black "Winiwarter, Felix"]
[Result "0-1"]
[WhiteElo "1881"]
[BlackElo "2149"]
[PlyCount "112"]
[EventDate "2014.08.16"]
[WhiteTeam "SV Herrenberg e.V."]
[BlackTeam "Sgm Voest Krems"]

1. e4 c5 2. Nf3 Nc6 3. d4 cxd4 4. Nxd4 Nf6 5. Nc3 e5 6. Ndb5 d6 7. Bg5 a6 8.
Na3 b5 9. Bxf6 gxf6 10. Nd5 Bg7 11. Bd3 Ne7 12. Nxe7 Qxe7 13. O-O O-O 14. Qf3
Kh8 15. c4 Rg8 16. Nc2 Bh6 17. Ne3 Bxe3 18. Qxe3 Bb7 19. f4 f5 20. fxe5 Qxe5
21. Rae1 Rae8 22. Rxf5 Rxg2+ 23. Kxg2 Qxf5 24. cxb5 axb5 25. Qd4+ f6 26. Qe3
Qe5 27. Qb6 Ba8 28. Kf2 f5 29. Qxb5 Qf4+ 30. Ke2 Rg8 31. Kd1 fxe4 32. Qb4 Qg4+
33. Be2 Qg7 34. Qc3 Qxc3 35. bxc3 Rg2 36. h4 Kg7 37. a4 Kf6 38. Kd2 Ke5 39. a5
d5 40. a6 d4 41. cxd4+ Kxd4 42. Kc2 Bc6 43. a7 Rg7 44. Ra1 Ba8 45. h5 Ke3 46.
Bb5 Kf2 47. Rf1+ Kg2 48. Re1 Rxa7 49. Kc3 Ra5 50. Bc4 Rxh5 51. Kd4 Rh1 52. Re2+
Kf3 53. Re3+ Kf4 54. Re2 Rd1+ 55. Kc3 Bd5 56. Ba2 Bxa2 0-1

[Event "2. Arberseniorencup 2014"]
[Site "Bayerisch Eisenstein"]
[Date "2014.08.18"]
[Round "3.2"]
[White "Kiefer, Herbert"]
[Black "Block, Wolfgang"]
[Result "0-1"]
[WhiteElo "1872"]
[BlackElo "2074"]
[PlyCount "114"]
[EventDate "2014.08.16"]
[WhiteTeam "SC Ansbach 1855 e.V."]
[BlackTeam "DJK Aufwärts St. Josef Aachen 19"]

1. Nc3 d5 2. e4 c6 3. d4 dxe4 4. Nxe4 Bf5 5. Ng3 Bg6 6. Nf3 Nd7 7. Bd3 e6 8.
O-O Ngf6 9. c4 Be7 10. b3 Qa5 11. Bxg6 hxg6 12. Bd2 Bb4 13. Qc2 Rd8 14. Rad1
Bxd2 15. Rxd2 g5 16. h3 g4 17. hxg4 Nxg4 18. Rfd1 Ndf6 19. Re2 Kf8 20. Ne5 Qb6
21. Nxg4 Nxg4 22. Re4 Nf6 23. Rf4 Nh5 24. Nxh5 Rxh5 25. Qe2 Rh6 26. Qf3 Qc7 27.
g3 Rd7 28. Re1 Qa5 29. Qe2 Kg8 30. Re4 Qf5 31. Qf1 Qf3 32. Qg2 Qc3 33. d5 cxd5
34. cxd5 Rxd5 35. R4e3 Qc2 36. Qe4 Qxa2 37. Rc1 Qd2 38. Rc8+ Rd8 39. Rxd8+ Qxd8
40. Rd3 Qc7 41. Rd1 Rh5 42. Qe3 a6 43. Rc1 Qd7 44. Qe2 Qd5 45. f3 Qd7 46. Kg2
Rd5 47. Rc2 g6 48. g4 Rd1 49. Rb2 Qd4 50. Qf2 Qxf2+ 51. Kxf2 Kf8 52. Ke2 Rd5
53. Ke3 Ke7 54. f4 g5 55. fxg5 Rxg5 56. Kf4 Rb5 57. Ke3 a5 0-1

[Event "2. Arberseniorencup 2014"]
[Site "Bayerisch Eisenstein"]
[Date "2014.08.18"]
[Round "3.3"]
[White "Kanewski, Josef"]
[Black "Gerl, Hans"]
[Result "1/2-1/2"]
[WhiteElo "2084"]
[BlackElo "2046"]
[PlyCount "53"]
[EventDate "2014.08.16"]
[WhiteTeam "SK Weiden 1907"]
[BlackTeam "SK Zirndorf e.V."]

1. d4 Nf6 2. c4 e6 3. Nc3 Bb4 4. Bg5 h6 5. Bh4 c5 6. d5 Bxc3+ 7. bxc3 d6 8. e3
O-O 9. Bd3 e5 10. f3 Re8 11. Qc2 Nbd7 12. e4 Nf8 13. Ne2 Ng6 14. Bxf6 Qxf6 15.
O-O Nf4 16. g3 Nxe2+ 17. Bxe2 Qg5 18. Qc1 f5 19. Qxg5 hxg5 20. Rab1 f4 21. Kf2
Kf7 22. g4 Ke7 23. Rb2 Rh8 24. Kg2 Kd7 25. Rfb1 Kc7 26. h3 Rb8 27. a4 1/2-1/2

[Event "2. Arberseniorencup 2014"]
[Site "Bayerisch Eisenstein"]
[Date "2014.08.18"]
[Round "3.4"]
[White "Klimpel, Siegfried"]
[Black "Ketzscher, Roland"]
[Result "1/2-1/2"]
[WhiteElo "1868"]
[BlackElo "2028"]
[PlyCount "66"]
[EventDate "2014.08.16"]
[WhiteTeam "TSV Kareth-Lappersdorf"]
[BlackTeam "TSV IFA Chemnitz"]

1. e4 e6 2. d4 d5 3. Nc3 Bb4 4. exd5 exd5 5. Bd3 Nc6 6. a3 Be7 7. Nce2 Nf6 8.
c3 O-O 9. Ng3 Re8 10. N1e2 Bg4 11. f3 Be6 12. O-O Bf8 13. Bg5 h6 14. Bd2 Bd6
15. Nf4 Bd7 16. Nf5 Bxf5 17. Bxf5 Ne7 18. Bc2 c6 19. Re1 Qc7 20. g3 Rad8 21.
Re2 Nc8 22. Rxe8+ Rxe8 23. Qf1 Qb6 24. Nd3 Qc7 25. Nf4 Qb6 26. Nd3 Qc7 27. Nf4
Nb6 28. Re1 Rxe1 29. Qxe1 Nc4 30. Bc1 Qb6 31. Qe2 Kf8 32. Nd3 Qc7 33. Nc5 b5
1/2-1/2

[Event "2. Arberseniorencup 2014"]
[Site "Bayerisch Eisenstein"]
[Date "2014.08.18"]
[Round "3.5"]
[White "Kühnl, Bernd"]
[Black "Titz, Herbert"]
[Result "1/2-1/2"]
[WhiteElo "1821"]
[BlackElo "1987"]
[PlyCount "33"]
[EventDate "2014.08.16"]
[WhiteTeam "VfL 1990 Gera"]
[BlackTeam "Austria Wien"]

1. d4 Nf6 2. Nf3 g6 3. c4 c5 4. d5 b5 5. Qc2 bxc4 6. e4 d6 7. Bxc4 Bg7 8. O-O
O-O 9. Nc3 Na6 10. Bxa6 Bxa6 11. Re1 Nd7 12. b3 Qa5 13. Bb2 Rfc8 14. Na4 Rab8
15. Bxg7 Kxg7 16. Nb2 f6 17. Nd2 1/2-1/2

[Event "2. Arberseniorencup 2014"]
[Site "Bayerisch Eisenstein"]
[Date "2014.08.18"]
[Round "3.6"]
[White "Selig, Rainer"]
[Black "Slacik, Johann"]
[Result "1-0"]
[WhiteElo "2070"]
[BlackElo "1864"]
[PlyCount "121"]
[EventDate "2014.08.16"]
[WhiteTeam "Spielver. Ebersbach/SA."]
[BlackTeam "ESV Westbahn Linz"]

1. d4 d5 2. Nf3 c6 3. e3 Nd7 4. Bd3 Ngf6 5. Nbd2 Qc7 6. c4 e5 7. cxd5 Nxd5 8.
O-O Bd6 9. Nc4 exd4 10. Nxd6+ Qxd6 11. exd4 O-O 12. Re1 N7f6 13. Ne5 Re8 14.
Bg5 h6 15. Bh4 Be6 16. Qd2 Nh7 17. Rad1 Ne7 18. Bg3 Qd8 19. b3 Nf5 20. Bxf5
Bxf5 21. Nc4 Rxe1+ 22. Qxe1 Nf6 23. Nd6 Qd7 24. Qb4 b6 25. Nxf5 Qxf5 26. Qc4
Qd7 27. Rc1 Rc8 28. Be5 Nd5 29. h3 Ne7 30. Qc3 f6 31. Bg3 Qd5 32. f3 Kh7 33.
Bf2 Qd6 34. Re1 Nd5 35. Qc2+ Kg8 36. Qf5 Qc7 37. Bg3 Qb7 38. Re4 Ra8 39. Qe6+
Kh7 40. h4 Qc8 41. Qd6 Qb7 42. h5 Rg8 43. Qe6 Kh8 44. Rg4 Qc8 45. Qf7 Qf5 46.
Re4 Nc3 47. Re1 a5 48. Qc4 Nxa2 49. Qxc6 Nb4 50. Qxb6 Qg5 51. Qc7 Nd3 52. Re4
f5 53. Re2 f4 54. Be1 Nxe1 55. Rxe1 Qd5 56. Qc4 Qxh5 57. Re5 Qh4 58. Qc3 Ra8
59. Rxa5 Re8 60. Ra1 Re2 61. Ra8+ 1-0

[Event "2. Arberseniorencup 2014"]
[Site "Bayerisch Eisenstein"]
[Date "2014.08.18"]
[Round "3.7"]
[White "Gaug, Herbert"]
[Black "Tomanek, Rafael"]
[Result "0-1"]
[WhiteElo "1856"]
[BlackElo "1946"]
[PlyCount "152"]
[EventDate "2014.08.16"]
[WhiteTeam "SC Wolfsberg"]
[BlackTeam "SK Doprastav Bratislava"]

1. d4 d5 2. c4 e6 3. Nf3 Nf6 4. Bg5 Be7 5. Nc3 O-O 6. e3 Nbd7 7. Be2 dxc4 8.
Bxc4 a6 9. O-O b5 10. Be2 Bb7 11. Rc1 Rc8 12. Re1 c5 13. a3 h6 14. Bh4 Ne4 15.
Bxe7 Qxe7 16. Nxe4 Bxe4 17. Nd2 Bg6 18. Nf3 c4 19. Qd2 Rc6 20. Bd1 Rfc8 21. Bc2
Bxc2 22. Rxc2 e5 23. Nxe5 Nxe5 24. dxe5 Qxe5 25. Rd1 Qf5 26. f3 Rg6 27. Rcc1
Qxf3 28. g3 Re6 29. Re1 Rce8 30. Rc3 Qb7 31. Qg2 Re4 32. Rc2 Qb6 33. Rce2 a5
34. Qf3 Qe6 35. Kf2 Qh3 36. Qg2 Qxg2+ 37. Kxg2 Rd8 38. Kf3 Re6 39. Rc2 Rd3 40.
Rc3 Red6 41. Rxd3 Rxd3 42. Re2 f6 43. a4 bxa4 44. Rc2 Rb3 45. Rxc4 Rxb2 46.
Rxa4 Rb5 47. g4 Kf7 48. h4 g6 49. Rc4 Rb6 50. Rc7+ Ke6 51. Ra7 Rb5 52. Ra6+ Ke5
53. Ra8 h5 54. gxh5 gxh5 55. Re8+ Kd6 56. Ra8 Kc5 57. Ra6 Kb4 58. Rxf6 a4 59.
Rd6 a3 60. Rd4+ Kc3 61. Ra4 Kb3 62. Ra8 a2 63. e4 Kb2 64. Kf4 a1=Q 65. Rxa1
Kxa1 66. e5 Kb2 67. Kf5 Kc3 68. Kf6 Kd4 69. e6 Ke4 70. e7 Rf5+ 71. Kg6 Re5 72.
Kf7 Kf5 73. e8=Q Rxe8 74. Kxe8 Kg4 75. Kf7 Kxh4 76. Kf6 Kg3 0-1

[Event "2. Arberseniorencup 2014"]
[Site "Bayerisch Eisenstein"]
[Date "2014.08.18"]
[Round "3.8"]
[White "Wünsch, Ulrich"]
[Black "Glatz, Volker"]
[Result "1-0"]
[WhiteElo "2079"]
[BlackElo "1196"]
[PlyCount "113"]
[EventDate "2014.08.16"]
[WhiteTeam "USG Chemnitz"]
[BlackTeam "SC Bw Regen/Zwiesel e.V."]

1. d4 d5 2. Nf3 Nf6 3. e3 g6 4. c4 Bg7 5. Nc3 O-O 6. b3 a6 7. Bb2 Nc6 8. Be2
Bg4 9. O-O Re8 10. Rc1 e6 11. h3 Bf5 12. a3 Qe7 13. Ne5 Rad8 14. Nxc6 bxc6 15.
cxd5 exd5 16. Bxa6 Rd6 17. Be2 h5 18. Na4 Ne4 19. Nc5 Qg5 20. Kh2 Nxc5 21. Rxc5
Be4 22. Bf3 Bf5 23. Qd2 Be4 24. Bxe4 Rxe4 25. Rfc1 Qf6 26. Qe2 Rde6 27. Qf3 Bf8
28. Qxf6 Rxf6 29. R5c2 Ree6 30. Kg1 g5 31. a4 Bb4 32. Bc3 c5 33. Bxb4 cxb4 34.
Rxc7 Rf5 35. Rb7 Ref6 36. Rc2 g4 37. hxg4 hxg4 38. g3 Rh5 39. Rc8+ Kg7 40. Rbb8
Rfh6 41. Rg8+ Kf6 42. Rxg4 Rh1+ 43. Kg2 R6h2+ 44. Kf3 Rf1 45. Rf4+ Ke7 46. Ke2
Rhh1 47. Rxb4 Re1+ 48. Kf3 Rh7 49. Rb7+ Ke6 50. Rb6+ Kd7 51. Rf5 Kc7 52. a5 Ra1
53. b4 f6 54. Rbxf6 Rd7 55. Rf7 Kc6 56. Rxd7 Kxd7 57. Rxd5+ 1-0

[Event "2. Arberseniorencup 2014"]
[Site "Bayerisch Eisenstein"]
[Date "2014.08.18"]
[Round "3.9"]
[White "Riedl, Maximilian"]
[Black "Pohl, Rolf-Dieter"]
[Result "1-0"]
[WhiteElo "2005"]
[BlackElo "1000"]
[PlyCount "103"]
[EventDate "2014.08.16"]
[WhiteTeam "SC Furth im W./Waldmünch"]
[BlackTeam "SC Vaterstetten-Grasbrunn"]

1. e4 c6 2. Nf3 d5 3. e5 Bf5 4. d4 e6 5. Bd3 Bxd3 6. Qxd3 h6 7. Be3 Nd7 8. Nbd2
Bb4 9. c3 Ba5 10. a4 Bb6 11. b4 a5 12. Nb3 axb4 13. cxb4 Bc7 14. O-O Ne7 15.
Rfb1 O-O 16. Nfd2 f5 17. f4 Ng6 18. b5 Bb6 19. bxc6 bxc6 20. Rc1 Qc7 21. Nf3
Rfc8 22. Nc5 Nxc5 23. dxc5 Ba7 24. g4 Qf7 25. gxf5 exf5 26. Kf2 Ne7 27. Rg1
Rcb8 28. Bd4 Ng6 29. Qe3 Qe6 30. h4 Rb7 31. h5 Nf8 32. Nh4 Re8 33. Qh3 Bb8 34.
Qxf5 Qxf5 35. Nxf5 Kh7 36. Rab1 Rf7 37. Nd6 Bxd6 38. cxd6 Rxf4+ 39. Ke3 Ne6 40.
Ba1 c5 41. Rbf1 Ref8 42. Rxf4 Rxf4 43. a5 d4+ 44. Kd3 Rf3+ 45. Ke4 Re3+ 46. Kd5
Nf4+ 47. Kc6 d3 48. d7 Ne6 49. Bc3 Re2 50. Kd5 d2 51. Kxe6 Re1 52. Rxe1 1-0

[Event "2. Arberseniorencup 2014"]
[Site "Bayerisch Eisenstein"]
[Date "2014.08.18"]
[Round "3.10"]
[White "Zilch, Lothar"]
[Black "Tveten, Per"]
[Result "1/2-1/2"]
[WhiteElo "1931"]
[BlackElo "1578"]
[PlyCount "118"]
[EventDate "2014.08.16"]
[WhiteTeam "SV Alsfeld"]

1. d4 d5 2. c4 c6 3. Nc3 Nf6 4. Nf3 Bf5 5. e3 e6 6. Nh4 Ne4 7. Nxf5 exf5 8.
cxd5 Nxc3 9. bxc3 Qxd5 10. Rb1 b6 11. Qc2 Qe4 12. Qxe4+ fxe4 13. g4 Bd6 14. Bg2
h5 15. g5 O-O 16. Bxe4 Re8 17. Bf3 g6 18. O-O Kg7 19. e4 Re6 20. Be3 Nd7 21. e5
Be7 22. d5 Nxe5 23. Bd4 f6 24. Bg2 Rd6 25. f4 Nc4 26. Rbe1 Kf7 27. dxc6 Na5 28.
Re2 Nxc6 29. Rfe1 Bf8 30. Bxf6 Rc8 31. c4 Nd4 32. Re5 Rxc4 33. Rf1 Rc5 34. Rxc5
bxc5 35. Kf2 Nf5 36. Rb1 Rd2+ 37. Kg1 Ne3 38. Rb7+ Kg8 39. Be4 Nf5 40. Rxa7 c4
41. Ra8 Kf7 42. Bxf5 Bc5+ 43. Kh1 gxf5 44. a4 Be3 45. Be5 Rf2 46. a5 Bxf4 47.
Bxf4 Rxf4 48. a6 c3 49. Rc8 Ra4 50. Rxc3 Rxa6 51. Rc4 Kg6 52. h4 Re6 53. Kg2
Re2+ 54. Kf3 Re6 55. Kf4 Rb6 56. Ke5 Ra6 57. Kd5 Ra5+ 58. Ke6 Ra6+ 59. Ke5 Ra5+
1/2-1/2

[Event "2. Arberseniorencup 2014"]
[Site "Bayerisch Eisenstein"]
[Date "2014.08.18"]
[Round "3.11"]
[White "Gervinskas-Wagner, Vidmant"]
[Black "Mosler, Ernst"]
[Result "1-0"]
[WhiteElo "1896"]
[BlackElo "1693"]
[PlyCount "91"]
[EventDate "2014.08.16"]
[WhiteTeam "SK Freising"]
[BlackTeam "SV Wettstetten e.V."]

1. d4 Nf6 2. c4 e6 3. Nf3 d5 4. e3 Be7 5. Nc3 O-O 6. Bd3 dxc4 7. Bxc4 Nc6 8.
O-O Bd6 9. Qc2 e5 10. h3 Re8 11. Nb5 e4 12. Ng5 Be6 13. Bxe6 fxe6 14. Nxd6 cxd6
15. Nxe4 Rc8 16. Nxf6+ Qxf6 17. Qa4 a6 18. Bd2 Nb8 19. Rac1 b5 20. Qa3 d5 21.
Rc5 Qf7 22. Rfc1 Qb7 23. Qc3 Rxc5 24. Qxc5 Qd7 25. Bb4 Qf7 26. Qd6 Qd7 27. Kh2
h6 28. Qxd7 Nxd7 29. Rc7 Nb8 30. Bd6 Rd8 31. Be5 Nd7 32. Bg3 Nb8 33. Re7 Rc8
34. Rxe6 Kf7 35. Rb6 Rc2 36. Bxb8 Rxb2 37. Rxa6 Rxf2 38. Kg3 Rc2 39. Bd6 g6 40.
Bb4 Re2 41. Kf3 Rb2 42. a3 Rb1 43. Rb6 Rf1+ 44. Ke2 Rc1 45. Rxb5 Rc2+ 46. Kf3
1-0

[Event "2. Arberseniorencup 2014"]
[Site "Bayerisch Eisenstein"]
[Date "2014.08.18"]
[Round "3.12"]
[White "Svoboda, Jaroslav"]
[Black "Sagner, Günter"]
[Result "0-1"]
[WhiteElo "1599"]
[BlackElo "1688"]
[PlyCount "54"]
[EventDate "2014.08.16"]
[BlackTeam "SC Bw Regen/Zwiesel e.V."]

1. c4 Nf6 2. Nc3 c5 3. g3 g6 4. Bg2 Bg7 5. e4 Nc6 6. Nge2 O-O 7. O-O d6 8. f4
Bg4 9. h3 Bxe2 10. Nxe2 Qd7 11. Rb1 Nb4 12. Qb3 Nc6 13. a3 Rab8 14. d3 a6 15.
Qd1 b5 16. cxb5 Rxb5 17. Nc3 Rb6 18. g4 Rfb8 19. f5 Rb3 20. Na4 Ne5 21. g5 Nh5
22. d4 cxd4 23. fxg6 hxg6 24. Bf3 Nxf3+ 25. Rxf3 Rxf3 26. Qxf3 Qxa4 27. b4 Qc2
0-1

[Event "2. Arberseniorencup 2014"]
[Site "Bayerisch Eisenstein"]
[Date "2014.08.19"]
[Round "4.1"]
[White "Winiwarter, Felix"]
[Black "Block, Wolfgang"]
[Result "0-1"]
[WhiteElo "2149"]
[BlackElo "2074"]
[PlyCount "95"]
[EventDate "2014.08.16"]
[WhiteTeam "Sgm Voest Krems"]
[BlackTeam "DJK Aufwärts St. Josef Aachen 19"]

1. d4 Nf6 2. Nf3 g6 3. c4 Bg7 4. Nc3 O-O 5. g3 d6 6. Bg2 Bg4 7. h3 Bxf3 8. Bxf3
Nc6 9. O-O Nd7 10. e3 e5 11. d5 Ne7 12. Bg2 f5 13. Rb1 a5 14. a3 Kh8 15. f4 Ng8
16. e4 Qe7 17. Qe2 Nh6 18. Bd2 fxe4 19. Nxe4 Nf5 20. Rbe1 a4 21. Kh2 Nd4 22.
Qd1 Nb3 23. Qc2 b6 24. Be3 Rae8 25. Ng5 Ndc5 26. f5 gxf5 27. Rxf5 Rxf5 28. Qxf5
Bf6 29. Nxh7 Qxh7 30. Qxf6+ Qg7 31. Qh4+ Qh7 32. Bh6 e4 33. Bf3 Qf5 34. Bf4+
Kg8 35. Bg4 Qh7 36. Qg5+ Qg7 37. Qh5 Re7 38. Bf5 Nd4 39. Bg4 Ndb3 40. h4 Na5
41. Bh6 Qf7 42. Qg5+ Kh8 43. Re2 Nxc4 44. Kg2 Ne5 45. Bh5 Qh7 46. Rf2 Nf7 47.
Bxf7 Rxf7 48. Qd8+ {ZÜ} 0-1

[Event "2. Arberseniorencup 2014"]
[Site "Bayerisch Eisenstein"]
[Date "2014.08.19"]
[Round "4.2"]
[White "Kiefer, Herbert"]
[Black "Kanewski, Josef"]
[Result "0-1"]
[WhiteElo "1872"]
[BlackElo "2084"]
[PlyCount "60"]
[EventDate "2014.08.16"]
[WhiteTeam "SC Ansbach 1855 e.V."]
[BlackTeam "SK Weiden 1907"]

1. Nf3 f5 2. c4 Nf6 3. Nc3 d6 4. d4 g6 5. g3 Bg7 6. Bg2 O-O 7. O-O Nc6 8. b3 e5
9. dxe5 dxe5 10. Ba3 Re8 11. Qxd8 Rxd8 12. Rad1 Bd7 13. Nd5 e4 14. Ng5 h6 15.
Nh3 Nxd5 16. cxd5 Nd4 17. e3 Ne2+ 18. Kh1 Nc3 19. Rd2 Bb5 20. Rc1 Rxd5 21. Rxd5
Nxd5 22. Nf4 Nxf4 23. gxf4 Rd8 24. Be7 Rd7 25. Bb4 b6 26. a4 Be2 27. Bf1 Bxf1
28. Rxf1 c5 29. Ba3 Rd3 30. Rb1 c4 0-1

[Event "2. Arberseniorencup 2014"]
[Site "Bayerisch Eisenstein"]
[Date "2014.08.19"]
[Round "4.3"]
[White "Ketzscher, Roland"]
[Black "Selig, Rainer"]
[Result "1/2-1/2"]
[WhiteElo "2028"]
[BlackElo "2070"]
[PlyCount "45"]
[EventDate "2014.08.16"]
[WhiteTeam "TSV IFA Chemnitz"]
[BlackTeam "Spielver. Ebersbach/SA."]

1. d4 d5 2. c4 dxc4 3. e4 e5 4. Nf3 exd4 5. Qxd4 Qxd4 6. Nxd4 Nf6 7. f3 Bc5 8.
Nb5 Bb6 9. Bxc4 a6 10. N5c3 Nc6 11. Bg5 Be6 12. Bxe6 fxe6 13. Nd2 Nb4 14. Kd1
h6 15. Bxf6 gxf6 16. a3 Nd3 17. Kc2 O-O-O 18. Nc4 Ba7 19. Rhd1 Nf2 20. Rxd8+
Rxd8 21. Nd1 Nd3 22. Nc3 Nf2 23. Nd1 1/2-1/2

[Event "2. Arberseniorencup 2014"]
[Site "Bayerisch Eisenstein"]
[Date "2014.08.19"]
[Round "4.4"]
[White "Tomanek, Rafael"]
[Black "Riedl, Maximilian"]
[Result "1/2-1/2"]
[WhiteElo "1946"]
[BlackElo "2005"]
[PlyCount "57"]
[EventDate "2014.08.16"]
[WhiteTeam "SK Doprastav Bratislava"]
[BlackTeam "SC Furth im W./Waldmünch"]

1. d4 d5 2. Nf3 Nf6 3. c4 e6 4. Bg5 Be7 5. e3 O-O 6. Nc3 h6 7. Bxf6 Bxf6 8. Rc1
c6 9. Bd3 Nd7 10. O-O dxc4 11. Bxc4 c5 12. a3 cxd4 13. exd4 Nb6 14. Ba2 Bd7 15.
Ne5 Rc8 16. Qd3 Bxe5 17. dxe5 Bc6 18. Qg3 Qe7 19. Rfe1 Na4 20. Nxa4 Bxa4 21.
Bb1 Rxc1 22. Rxc1 Bc6 23. Qd3 g6 24. Qe3 Qg5 25. Qxg5 hxg5 26. Rd1 Bd5 27. Rc1
Bc6 28. Rd1 Bd5 29. Rc1 1/2-1/2

[Event "2. Arberseniorencup 2014"]
[Site "Bayerisch Eisenstein"]
[Date "2014.08.19"]
[Round "4.5"]
[White "Kühnl, Bernd"]
[Black "Wünsch, Ulrich"]
[Result "0-1"]
[WhiteElo "1821"]
[BlackElo "2079"]
[PlyCount "68"]
[EventDate "2014.08.16"]
[WhiteTeam "VfL 1990 Gera"]
[BlackTeam "USG Chemnitz"]

1. d4 Nf6 2. c4 e6 3. Nf3 Bb4+ 4. Bd2 Qe7 5. a3 Bxd2+ 6. Nbxd2 d6 7. e3 O-O 8.
Qc2 e5 9. dxe5 dxe5 10. e4 c5 11. Nb1 Nc6 12. Nc3 Nd4 13. Nxd4 exd4 14. Nd5
Nxd5 15. cxd5 f5 16. f3 fxe4 17. fxe4 Bf5 18. Bd3 Bxe4 19. Bxe4 Rae8 20. O-O-O
Qxe4 21. Qxe4 Rxe4 22. Rd2 Re5 23. b4 b6 24. bxc5 bxc5 25. Rb2 Rxd5 26. Rb7 a6
27. Re1 h6 28. h4 d3 29. Ree7 Rf1+ 30. Kb2 Rf2+ 31. Kb3 Rxg2 32. Red7 Rxd7 33.
Rxd7 Rg4 34. h5 Rd4 0-1

[Event "2. Arberseniorencup 2014"]
[Site "Bayerisch Eisenstein"]
[Date "2014.08.19"]
[Round "4.6"]
[White "Gerl, Hans"]
[Black "Klimpel, Siegfried"]
[Result "1-0"]
[WhiteElo "2046"]
[BlackElo "1868"]
[PlyCount "47"]
[EventDate "2014.08.16"]
[WhiteTeam "SK Zirndorf e.V."]
[BlackTeam "TSV Kareth-Lappersdorf"]

1. d4 d5 2. c4 dxc4 3. e4 Nc6 4. Be3 Nf6 5. f3 e6 6. Bxc4 a6 7. Ne2 Bb4+ 8.
Nbc3 b5 9. Bd3 Bb7 10. O-O O-O 11. Rc1 Ba5 12. e5 Nd7 13. f4 Bb6 14. Bb1 Ne7
15. Qd3 Ng6 16. b4 Qh4 17. Ne4 Rad8 18. Bf2 Qh6 19. Ng5 Ndxe5 20. fxe5 Qxg5 21.
Qh3 Qd2 22. Be3 Qxe2 23. Rf2 Bxg2 24. Kxg2 1-0

[Event "2. Arberseniorencup 2014"]
[Site "Bayerisch Eisenstein"]
[Date "2014.08.19"]
[Round "4.7"]
[White "Zilch, Lothar"]
[Black "Zerweck, Christoph"]
[Result "1/2-1/2"]
[WhiteElo "1931"]
[BlackElo "1881"]
[PlyCount "62"]
[EventDate "2014.08.16"]
[WhiteTeam "SV Alsfeld"]
[BlackTeam "SV Herrenberg e.V."]

1. c4 e5 2. Nc3 Nc6 3. Nf3 Nf6 4. e4 Bc5 5. Nxe5 Nxe5 6. d4 Bb4 7. dxe5 Nxe4 8.
Qd4 Nxc3 9. bxc3 c5 10. Qd3 Ba5 11. Bd2 O-O 12. Be2 Re8 13. f4 Qh4+ 14. g3 Qe7
15. Kf2 Bc7 16. Rhe1 d6 17. exd6 Qxd6 18. Qxd6 Bxd6 19. Bf3 Kf8 20. Rxe8+ Kxe8
21. Rb1 Rb8 22. Bd5 b6 23. Re1+ Kf8 24. Kf3 h5 25. Kf2 Bf5 26. Bf3 g6 27. Bd5
Re8 28. Rxe8+ Kxe8 29. Ke3 Ke7 30. Be1 Bb1 31. a3 Bf5 1/2-1/2

[Event "2. Arberseniorencup 2014"]
[Site "Bayerisch Eisenstein"]
[Date "2014.08.19"]
[Round "4.8"]
[White "Titz, Herbert"]
[Black "Gervinskas-Wagner, Vidmant"]
[Result "1/2-1/2"]
[WhiteElo "1987"]
[BlackElo "1896"]
[PlyCount "50"]
[EventDate "2014.08.16"]
[WhiteTeam "Austria Wien"]
[BlackTeam "SK Freising"]

1. e4 c5 2. Nf3 d6 3. d4 cxd4 4. Nxd4 Nf6 5. Bd3 Nc6 6. Nxc6 bxc6 7. c4 g6 8.
Nc3 Bg7 9. O-O O-O 10. h3 Rb8 11. Qc2 Nd7 12. Be3 c5 13. Rab1 Ne5 14. Be2 Nc6
15. Rfd1 Bd7 16. Qd2 Nd4 17. Bh6 Nxe2+ 18. Nxe2 Bc6 19. Nc3 Re8 20. Bxg7 Kxg7
21. Qe3 Qc7 22. Rd2 a5 23. b3 a4 24. Rdb2 axb3 25. axb3 Bb7 1/2-1/2

[Event "2. Arberseniorencup 2014"]
[Site "Bayerisch Eisenstein"]
[Date "2014.08.19"]
[Round "4.9"]
[White "Slacik, Johann"]
[Black "Hedzic, Omer"]
[Result "1-0"]
[WhiteElo "1864"]
[BlackElo "1622"]
[PlyCount "119"]
[EventDate "2014.08.16"]
[WhiteTeam "ESV Westbahn Linz"]
[BlackTeam "SC Bw Regen/Zwiesel e.V."]

1. d4 d5 2. c4 a6 3. e3 Nf6 4. Nc3 e6 5. a3 h6 6. Nf3 Nc6 7. Bd3 Bd7 8. c5 g6
9. b4 b5 10. Bd2 Bg7 11. Qc1 Bc8 12. Ne2 Bb7 13. a4 Na7 14. Ne5 c6 15. g4 O-O
16. Qc2 g5 17. f4 Ne8 18. Bc3 Bxe5 19. dxe5 f5 20. exf6 Nxf6 21. fxg5 hxg5 22.
Rf1 Qe7 23. O-O-O Rae8 24. Bg6 Rd8 25. Qb2 Nxg4 26. Qd2 e5 27. Ng3 Bc8 28. h3
Nf6 29. Qb2 Nd7 30. Bf5 Rfe8 31. Rf2 Nf6 32. Bg6 Kg7 33. Bxe8 Rxe8 34. Nf5+
Bxf5 35. Rxf5 Nd7 36. Rdf1 Kg6 37. Rf7 Qe6 38. Qc2+ e4 39. Rg7+ Kh6 40. Rff7
Ne5 41. Bxe5 Qxe5 42. Rxa7 Rf8 43. Rh7+ Kg6 44. Rag7+ Qxg7 45. Rxg7+ Kxg7 46.
Qc3+ Kg6 47. Qe5 Rf1+ 48. Kd2 Rf2+ 49. Kc3 Rg2 50. Qd6+ Kh5 51. Qxc6 Rg3 52.
Kd4 Rxh3 53. Qe8+ Kh4 54. c6 g4 55. c7 g3 56. Qh8+ Kg4 57. c8=Q+ Kf3 58. Qhxh3
Kf2 59. Qc2+ Kf3 60. Qf5# 1-0

[Event "2. Arberseniorencup 2014"]
[Site "Bayerisch Eisenstein"]
[Date "2014.08.19"]
[Round "4.10"]
[White "Glatz, Volker"]
[Black "Gaug, Herbert"]
[Result "0-1"]
[WhiteElo "1196"]
[BlackElo "1856"]
[PlyCount "60"]
[EventDate "2014.08.16"]
[WhiteTeam "SC Bw Regen/Zwiesel e.V."]
[BlackTeam "SC Wolfsberg"]

1. e4 c6 2. d4 d5 3. Nc3 dxe4 4. Nxe4 Bf5 5. Ng3 Bg6 6. Nf3 e6 7. Bd3 Bxd3 8.
Qxd3 Nf6 9. Bg5 Be7 10. Bxf6 Bxf6 11. O-O Nd7 12. a4 O-O 13. Rfe1 Qc7 14. Nh5
Rad8 15. Nxf6+ Nxf6 16. Ra3 Rd7 17. Ne5 Rd5 18. c4 Rd6 19. Nf3 c5 20. Qd2 cxd4
21. Nxd4 Qxc4 22. Rd3 Rfd8 23. b3 Qc5 24. b4 Qd5 25. Rd1 e5 26. Nf5 Qxd3 27.
Qxd3 Rxd3 28. Rxd3 Rxd3 29. h3 Rd1+ 30. Kh2 Nd5 0-1

[Event "2. Arberseniorencup 2014"]
[Site "Bayerisch Eisenstein"]
[Date "2014.08.19"]
[Round "4.11"]
[White "Pohl, Rolf-Dieter"]
[Black "Sagner, Günter"]
[Result "0-1"]
[WhiteElo "1000"]
[BlackElo "1688"]
[PlyCount "54"]
[EventDate "2014.08.16"]
[WhiteTeam "SC Vaterstetten-Grasbrunn"]
[BlackTeam "SC Bw Regen/Zwiesel e.V."]

1. d4 Nf6 2. g3 d5 3. Bg2 g6 4. Nf3 Bg7 5. O-O O-O 6. Re1 b6 7. c3 a5 8. Qc2
Bb7 9. Ne5 Nbd7 10. Nd3 Rc8 11. Nf4 c5 12. e3 Qc7 13. h4 Ng4 14. Nxd5 Bxd5 15.
Bxd5 cxd4 16. exd4 Bxd4 17. Bf4 Qc5 18. Qe4 Bxf2+ 19. Kg2 Bxe1 20. Qf3 Ndf6 21.
Na3 Qf2+ 22. Qxf2 Bxf2 23. Bf3 Bc5 24. Nc2 Rcd8 25. Re1 h5 26. b3 Nd5 27. Bc1
Nxc3 0-1

[Event "2. Arberseniorencup 2014"]
[Site "Bayerisch Eisenstein"]
[Date "2014.08.19"]
[Round "4.12"]
[White "Tveten, Per"]
[Black "Reichert, Rudolf"]
[Result "1-0"]
[WhiteElo "1578"]
[BlackElo "1845"]
[PlyCount "105"]
[EventDate "2014.08.16"]

1. e4 d6 2. Nf3 e5 3. Nc3 a6 4. a4 Nf6 5. Bc4 h6 6. h3 Nbd7 7. d3 Be7 8. O-O
Nh7 9. Nd5 c6 10. Nxe7 Qxe7 11. Be3 g5 12. Qd2 Rg8 13. Rfd1 Nhf6 14. Nh2 d5 15.
Bb3 d4 16. Qe2 dxe3 17. fxe3 h5 18. Rf1 Nc5 19. Ba2 Ne6 20. Rf5 Bd7 21. Rxe5
O-O-O 22. d4 g4 23. hxg4 hxg4 24. d5 cxd5 25. exd5 Qd6 26. dxe6 fxe6 27. Qc4+
Bc6 28. Qxe6+ Qxe6 29. Bxe6+ Kc7 30. Bxg8 Rxg8 31. Rf5 Ne4 32. Raf1 Kb6 33.
R5f4 g3 34. Nf3 Rd8 35. Nd4 Bd5 36. Rd1 Rd6 37. c4 Nf2 38. Nb5 axb5 39. Rxd5
Rh6 40. Rxf2 gxf2+ 41. Kxf2 bxc4 42. Rd4 Rc6 43. e4 Ka5 44. Rd7 Rb6 45. Rd2 Re6
46. Ke3 Re7 47. g4 Rg7 48. Rc2 Kxa4 49. Rxc4+ Kb5 50. Rd4 Rxg4 51. b4 b6 52. e5
Rg3+ 53. Kf4 1-0